000 00319nam a2200133 i 4500
001 bg
100 1 _aILCZUK, Zdzisław
245 0 _aNa tropach życia pozaziemskiego /
_cZdzisław Ilczuk.
260 _aWarszawa,
_c1981.
040 _cBPK
041 _apol
942 _cKS
008 s pl f |000 0 pol
999 _c21651
_d21651
856 _uhttp://koha.tu.koszalin.pl/cgi-bin/koha/opac-detail.pl?biblionumber=21651
_yKatalog online BPK